000 00569nam a22001937a 4500
942 _cBK
999 _c601
_d601
005 20250420134818.0
008 200812b ||||| |||| 00| 0 eng d
020 _a9781133188612
040 _cKCST
082 _a005.133
_bBr Cp
100 _aBronson, Gary J.
_95050
245 _aC++ programming:
_bprinciples and practices for scientists and engineers /
_cGary J Bronson
250 _a4th Int. edition
260 _a[not identified];
_bCengage Learning,
_c2013.
300 _a828 p.
650 _aC++ (Computer program language)
_9162
942 _2ddc